Cloning and expression of hmgr1 gene from Hevea brasiliensis (Record no. 55779)

MARC details
000 -LEADER
fixed length control field 00622nam a2200205Ia 4500
100 ## - MAIN ENTRY--AUTHOR NAME
Personal name Ambily P.K
245 #0 - TITLE STATEMENT
Title Cloning and expression of hmgr1 gene from Hevea brasiliensis
260 ## - PUBLICATION, DISTRIBUTION, ETC. (IMPRINT)
Name of publisher PLACROSYM XX, 12-15 December 2012, UPASI Tea Research Foundation, Coimbatore, India, Abstracts, p. 48.
650 ## - SUBJECT ADDED ENTRY--TOPICAL TERM
Topical Term Hevea brasiliensis
650 ## - SUBJECT ADDED ENTRY--TOPICAL TERM
Topical Term HMG-CoA reductase
650 ## - SUBJECT ADDED ENTRY--TOPICAL TERM
Topical Term hmgr1 gene
650 ## - SUBJECT ADDED ENTRY--TOPICAL TERM
Topical Term Rubber biosynthesis
700 ## - ADDED ENTRY--PERSONAL NAME
Personal name Annamalainathan K
700 ## - ADDED ENTRY--PERSONAL NAME
Personal name Krishnakumar R
700 ## - ADDED ENTRY--PERSONAL NAME
Personal name Sathik M.B.M
700 ## - ADDED ENTRY--PERSONAL NAME
Personal name Thomas M
856 ## - ELECTRONIC LOCATION AND ACCESS
Uniform Resource Identifier Copy
942 ## - ADDED ENTRY ELEMENTS (KOHA)
Koha item type Journals
Holdings
Withdrawn status Lost status Damaged status Not for loan Home library Current library Shelving location Date acquired Koha item type
      Journals RRII Library RRII Library Physiology 17/12/2021 Journals